| 000 | 00822nam a2200241Ia 4500 | ||
|---|---|---|---|
| 003 | OSt | ||
| 005 | 20221005103511.0 | ||
| 006 | a|||||r|||| 00| 0 | ||
| 007 | ta | ||
| 008 | 221004b |||||||| |||| 00| 0 hin d | ||
| 024 | _a31262 | ||
| 037 | _cTextual | ||
| 040 |
_aCRL _cCRL _bhin |
||
| 041 |
_2hin _ahin |
||
| 082 | _aR3xL11:g, 152L8 | ||
| 100 | _aवर्मा, वेदप्रकाश | ||
| 245 | 0 | _aडेविड ह्यूम का दर्शन | |
| 246 | _aḌeviḍ hyūm kā darshana | ||
| 260 |
_aजयपुर _bराजस्थान हिन्दी ग्रंथ अकादमी भारत _c1978 |
||
| 300 |
_a132पृ. _ccm. |
||
| 942 |
_hR3xL11:g, 152L8 _cTEXL _2cc |
||
| 999 |
_c1010215 _d1010215 |
||